| 000 | 00714nam a22002177a 4500 | ||
|---|---|---|---|
| 003 | LK-CoMWRAF | ||
| 005 | 20231102131012.0 | ||
| 008 | 231010b2002 |||||||| |||| 00| 0 eng d | ||
| 020 | _a9211302226 | ||
| 040 |
_aLK-CoMWRAF _dLK-CoMWRAF _eLK-CoMWRAF |
||
| 041 | _aeng | ||
| 082 |
_a305.4 _bUNI |
||
| 110 | _aUnited Nations | ||
| 245 |
_aWomen, peace and security : _bstudy submitted by the Secretary-General pursuant to Security Council resolution 1325 (2000). |
||
| 260 |
_a[New York]: _bUnited Nations, _c2002 |
||
| 300 |
_axii, 179 p. ; 23 cm. _bBibliography included |
||
| 650 | _aWOMEN AND PEACE | ||
| 650 | _aWomen and war | ||
| 856 | _uhttps://www.un.org/womenwatch/daw/public/eWPS.pdf | ||
| 942 | _cBK | ||
| 999 |
_c3824 _d3824 |
||